000 00334nam a2200157Ia 4500
100 _aKhullar/D.R
650 _aIndia
942 _cBK
366 _f15
245 _aIndia:A comprehensive geography
260 _bKalyani publication
_c1999
082 _a808.8
_bKHU
300 _a868
546 _aENGLISH
_cComputers
999 _c28881
_d28881